Lo mismo de siempre

Uloženo v:
Podrobná bibliografie
Hlavní autor: Maugham, William Somerset (autor)
Médium: Kniha
Jazyk:španělština
Vydáno: Buenos Aires Libreria Hachette 1942
Edice:Biblioteca de Bolsillo. Serie Azul, 42
Témata:
Tagy: Přidat tag
Žádné tagy, Buďte první, kdo vytvoří štítek k tomuto záznamu!

MARC

LEADER 00000nam a2200000 a 4500
001 UCU4916
003 CL-VaPUC
008 960531e19420000AG |||||||||||||||||spa|d
082 0 4 |a 823  |b MAU  |2 21 
100 |a Maugham, William Somerset  |e autor  |9 418576 
245 1 3 |a Lo mismo de siempre 
300 |a 242 p 
942 |c BK 
945 |d 19960531 00:00:00  |a rbrito 
260 |a Buenos Aires  |b Libreria Hachette  |c 1942 
650 0 |a Novelas inglesas  |9 265220 
583 |a last modification  |c 19960531 00:00:00  |k Rodrigo Vera 
490 0 |a Biblioteca de Bolsillo. Serie Azul, 42 
999 |c 248444  |d 248442 
952 |0 0  |1 0  |4 0  |6 823_000000000000000_MAU_1942  |7 0  |8 A  |9 265062  |a BIBEDU  |b BIBEDU  |d 2019-11-19  |i 311533K  |o 823 MAU 1942  |p 311533K  |r 2019-11-19  |w 2019-11-19  |y BK  |k LIT